Primary care : interprofessional collaborative pratice (Record no. 83601)
[ view plain ]
| 000 -LEADER | |
|---|---|
| fixed length control field | 00949 a2200289 4500 |
| 003 - CONTROL NUMBER IDENTIFIER | |
| control field | CBULib |
| 005 - DATE AND TIME OF LATEST TRANSACTION | |
| control field | 20240112093708.0 |
| 008 - FIXED-LENGTH DATA ELEMENTS--GENERAL INFORMATION | |
| fixed length control field | 240112b |||||||| |||| 00| 0 eng d |
| 020 ## - INTERNATIONAL STANDARD BOOK NUMBER | |
| International Standard Book Number | 9780323570152 |
| 040 ## - CATALOGING SOURCE | |
| Language of cataloging | English |
| Transcribing agency | CBULib |
| Description conventions | rda |
| 041 ## - LANGUAGE CODE | |
| Language code of text/sound track or separate title | eng |
| 050 ## - LIBRARY OF CONGRESS CALL NUMBER | |
| Classification number | R 727.8 But |
| 100 ## - MAIN ENTRY--PERSONAL NAME | |
| Personal name | Buttaro, Terry Mahan |
| 245 ## - TITLE STATEMENT | |
| Title | Primary care : interprofessional collaborative pratice |
| Statement of responsibility, etc | / by Terry Mahan Buttaro; Patricia Polgar-Bailey; Joanne Sandberg-Cook and JoAnn |
| 250 ## - EDITION STATEMENT | |
| Edition statement | Sixth edition |
| 260 ## - PUBLICATION, DISTRIBUTION, ETC. (IMPRINT) | |
| Name of publisher, distributor, etc | Elsevier, |
| Date of publication, distribution, etc | 2021 |
| Place of publication, distribution, etc | Missouri : |
| 300 ## - PHYSICAL DESCRIPTION | |
| Extent | xxiv, 1485 pages : illustrations |
| 336 ## - CONTENT TYPE | |
| Source | rdacontent |
| Content type term | Text | |
| Content type code | txt |
| 337 ## - MEDIA TYPE | |
| Source | rdamedia |
| Media type term | Unmediated | |
| Media type code | n |
| 338 ## - CARRIER TYPE | |
| Source | rdacarrier |
| Carrier type term | Volume |
| Carrier type code | nc |
| 650 #0 - SUBJECT ADDED ENTRY--TOPICAL TERM | |
| 9 (RLIN) | 1599 |
| Topical term or geographic name as entry element | MEDICAL COOPERATION |
| 650 #0 - SUBJECT ADDED ENTRY--TOPICAL TERM | |
| 9 (RLIN) | 1467 |
| Topical term or geographic name as entry element | PRIMARY CARE ( MEDICINE) |
| 700 ## - ADDED ENTRY--PERSONAL NAME | |
| 9 (RLIN) | 1600 |
| Personal name | Polgar-Bailey, Patricia |
| 700 ## - ADDED ENTRY--PERSONAL NAME | |
| 9 (RLIN) | 1601 |
| Personal name | Sandberg-Cook, Joanne |
| 700 ## - ADDED ENTRY--PERSONAL NAME | |
| 9 (RLIN) | 1602 |
| Personal name | Trybulski, JoAnn |
| 942 ## - ADDED ENTRY ELEMENTS (KOHA) | |
| Source of classification or shelving scheme | |
| Koha item type | MONOGRAPH |
| Withdrawn status | Lost status | Source of classification or shelving scheme | Damaged status | Not for loan | Collection code | Permanent Location | Current Location | Shelving location | Date acquired | Source of acquisition | Cost, normal purchase price | Total Checkouts | Full call number | Barcode | Date last seen | Copy number | Price effective from | Koha item type |
|---|---|---|---|---|---|---|---|---|---|---|---|---|---|---|---|---|---|---|
| Medical Library Collection | CBU-SCHOOL OF MEDICINE LIBRARY, NDOLA. | CBU-MAIN LIBRARY, KITWE. | General Stacks | 01/12/2024 | DON-BOOKAID | 144.01 | R 727.8 But | 905585 | 01/12/2024 | 1 | 01/12/2024 | MONOGRAPH | ||||||
| Medical Library Collection | CBU-SCHOOL OF MEDICINE LIBRARY, NDOLA. | CBU-MAIN LIBRARY, KITWE. | General Stacks | 01/12/2024 | DON-BOOKAID | 144.01 | R 727.8 But | 905584 | 01/12/2024 | 2 | 01/12/2024 | MONOGRAPH | ||||||
| Michael Chilufya Sata Collection | CBU-MICHAEL CHILUFYA SATA LIBRARY | CBU-MAIN LIBRARY, KITWE. | General Stacks | 01/12/2024 | DON-BOOKAID | 144.01 | R 727.8 But | 905587 | 01/12/2024 | 3 | 01/12/2024 | MONOGRAPH | ||||||
| Michael Chilufya Sata Collection | CBU-MICHAEL CHILUFYA SATA LIBRARY | CBU-MAIN LIBRARY, KITWE. | General Stacks | 01/12/2024 | DON-BOOKAID | 144.01 | R 727.8 But | 905586 | 01/12/2024 | 4 | 01/12/2024 | MONOGRAPH |